000 00685nam a2200205Ia 4500
005 20241129111008.0
008 241129s9999||||xx |||||||||||||| ||und||
037 _aTB
040 _aCRL
_bpun
_cCRL
041 _apun
_2pun
084 _aO1,3x 153R1
_qCRL
100 _aਸਿੰਘ, ਰਣਜੀਤ, ਚ।
245 0 _aਵਿਸ਼ਵ ਸਾਹਿਤ ਕਹਾਣੀ ਰੂਪ
_cਸਿੰਘ, ਰਣਜੀਤ, ਚ।
260 _aਦਿੱਲੀ, ਭਾਰਤ
_bਮਨਪ੍ਰੀਤ ਪ੍ਰਕਾਸ਼ਨ
_c2021
300 _a155ਪ੍ਰ0
365 _aINR
_b395
650 _aWorld Literature
_9177791
942 _cTB
_hO1,3x 153R1
999 _c1228446
_d1228446